We would see Jesus / (Record no. 3977)
[ view plain ]
| 000 -LEADER | |
|---|---|
| fixed length control field | 00693cam a2200253Ia 4500 |
| 001 - CONTROL NUMBER | |
| control field | 618058 |
| 003 - CONTROL NUMBER IDENTIFIER | |
| control field | OSt |
| 005 - DATE AND TIME OF LATEST TRANSACTION | |
| control field | 20181127163406.0 |
| 008 - FIXED-LENGTH DATA ELEMENTS--GENERAL INFORMATION | |
| fixed length control field | 781024s1958 pau 000 0 eng d |
| 035 ## - SYSTEM CONTROL NUMBER | |
| System control number | (OCoLC)ocm04317039 |
| 035 ## - SYSTEM CONTROL NUMBER | |
| System control number | (OCoLC)ocm04317039 |
| 040 ## - CATALOGING SOURCE | |
| Original cataloging agency | CSM |
| Transcribing agency | CSM |
| Modifying agency | MCB |
| -- | BAKER |
| 049 ## - LOCAL HOLDINGS (OCLC) | |
| Holding library | PTSS |
| 082 ## - DEWEY DECIMAL CLASSIFICATION NUMBER | |
| Classification number | 248 |
| Item number | H587W |
| 090 ## - LOCALLY ASSIGNED LC-TYPE CALL NUMBER (OCLC); LOCAL CALL NUMBER (RLIN) | |
| Classification number (OCLC) (R) ; Classification number, CALL (RLIN) (NR) | BV4832.2 |
| Local cutter number (OCLC) ; Book number/undivided call number, CALL (RLIN) | .H4775 1958 |
| 100 1# - MAIN ENTRY--PERSONAL NAME | |
| Personal name | Hession, Roy. |
| 245 10 - TITLE STATEMENT | |
| Title | We would see Jesus / |
| Statement of responsibility, etc. | by Roy and Revel Hession. |
| 260 ## - PUBLICATION, DISTRIBUTION, ETC. | |
| Place of publication, distribution, etc. | Fort Washington, Pa. : |
| Name of publisher, distributor, etc. | Christian Literature Crusade, |
| Date of publication, distribution, etc. | 1958. |
| 300 ## - PHYSICAL DESCRIPTION | |
| Extent | 96 p. ; |
| Dimensions | 18 cm. |
| 650 #0 - SUBJECT ADDED ENTRY--TOPICAL TERM | |
| Topical term or geographic name entry element | Spiritual life. |
| 650 #0 - SUBJECT ADDED ENTRY--TOPICAL TERM | |
| Topical term or geographic name entry element | Devotional literature. |
| 700 1# - ADDED ENTRY--PERSONAL NAME | |
| Personal name | Hession, Revel. |
| 942 ## - ADDED ENTRY ELEMENTS (KOHA) | |
| Source of classification or shelving scheme | Dewey Decimal Classification |
| Koha item type | Books |
| Withdrawn status | Lost status | Source of classification or shelving scheme | Damaged status | Not for loan | Collection code | Home library | Current library | Shelving location | Date acquired | Cost, normal purchase price | Total Checkouts | Full call number | Barcode | Date last seen | Price effective from | Koha item type |
|---|---|---|---|---|---|---|---|---|---|---|---|---|---|---|---|---|
| Dewey Decimal Classification | Not For Loan | Fiction | Harvest Mission College | Harvest Mission College | General Stacks | 27.11.2018 | 120.00 | 248 H587W | 004600 | 27.11.2018 | 27.11.2018 | Books |
